Southville International School and Colleges
Your cart is empty.
  • Cart
  • Lists
    Public lists Eva Luna New books Lux_list list_1
    Your lists Log in to create your own lists
  • Log in to your account
  • Your cookies
  • Search history
Southville International School and Colleges
  • Advanced search
  • Recent comments
  • Most popular
  • Libraries

Log in to your account

Log in with GOOGLE


If you do not have an external account, but do have a local account, you can still log in:

  1. Home
  2. MARC view: Can you see what I see? :
Normal view MARC view ISBD view

Can you see what I see? : (Record no. 114521)

[ view plain ]
MARC details
000 -LEADER
fixed length control field 00970nam a2200181 a 4500
005 - DATE AND TIME OF LATEST TRANSACTION
control field 20140414132103.0
008 - FIXED-LENGTH DATA ELEMENTS--GENERAL INFORMATION
fixed length control field 100722s19uu xx 00 eng d
050 ## - LIBRARY OF CONGRESS CALL NUMBER
Classification number REF 793.73
Item number W51 2002
100 ## - MAIN ENTRY--PERSONAL NAME
Personal name Wick, Walter
245 ## - TITLE STATEMENT
Title Can you see what I see? :
Remainder of title on a scary, scary night.
260 ## - PUBLICATION, DISTRIBUTION, ETC. (IMPRINT)
Place of publication, distribution, etc New York :
Name of publisher, distributor, etc Scholastic ,
Date of publication, distribution, etc 2002.
300 ## - PHYSICAL DESCRIPTION
Extent 35 p.
500 ## - GENERAL NOTE
General note Contents: On a scary, scary night -- Beneath a scary, scary moon -- In a scary, scary town -- On a scary, scary street -- Atop a scary, scary hill -- In a scary, scary castle -- Up scary, scary stairs -- In a scary, scary tower -- In a scary, scary cupboard -- On a scary, scary shelf -- In a scary, scary bottle -- --is a ghost! Notes: "Cartwheel Books"--T.p. verso.
520 ## - SUMMARY, ETC.
Summary, etc Twelve scary picture puzzles invite children to look and find images hidden in the pictures.
650 ## - SUBJECT ADDED ENTRY--TOPICAL TERM
Topical term or geographic name as entry element Picture puzzles --Juvenile literature.
650 ## - SUBJECT ADDED ENTRY--TOPICAL TERM
Topical term or geographic name as entry element Haunted places --Juvenile literature.
Holdings
Withdrawn status Lost status Damaged status Use restrictions Home library Current library Shelving location Date acquired Source of acquisition Cost, normal purchase price Total Checkouts Full call number Barcode Date last seen Price effective from Koha item type
        Munich Library Munich Library Reference Section 07/22/2010   589.00   REF 793.73 W51 2002 M6371 04/14/2014 04/14/2014 Books

Can you see what I see? :

APA

Wick W., . (2002). Can you see what I see?. New York: Scholastic.

Chicago

Wick Walter, . 2002. Can you see what I see?. New York: Scholastic.

Harvard

Wick W., . (2002). Can you see what I see?. New York: Scholastic.

MLA

Wick Walter, . Can you see what I see?. New York: Scholastic. 2002.

  • Place hold
  • Print
  • Cite
  • Add to your cart (remove)
  • Save record
    BIBTEX Dublin Core MARCXML MARC (non-Unicode/MARC-8) MARC (Unicode/UTF-8) MARC (Unicode/UTF-8, Standard) MODS (XML) RIS
  • More searches
    Search for this title in:
    Other Libraries (WorldCat) Other Databases (Google Scholar) Online Stores (Bookfinder.com) Open Library (openlibrary.org)

Exporting to Dublin Core...

SOUTHVILLE LIBRARY

Southville International School and Colleges Library

1281 Tropical Ave. Cor. Luxembourg St., BF Homes International, Las Pinas City

Tel. No. 8256374 / 252358 Loc. 117/146

Powered by Koha